000 02314nam a2200469 c 4500
003 BLK
005 20250405130545.0
008 180408b bul|||||r ||||||| ||bul||
010 _aKNG00084724000
020 _a978-954-761-457-4
_bиздат.: ИнфоДар
040 _aBLK
041 _aBUL
_cBUL
072 7 _2bullib
_aН33
_xИкономика Н
080 _aЖизнено равнище
_b330.59
_x(410)(092)
_z330.59(410)(092)
080 _aДинамика и развитие на икономиката
_b330.3
_x(02.062)
_z330.3(02.062)
080 _aИкономическа политика. Стопанско ръководство. Управление на стопанство. Стопанско планиране.
_b338.2
_x(02.062)
_z338.2(02.062)
080 _aШотландски социален философ и един от основоположниците на политическата икономия
_b929 Смит, Адам
_x
_z929 Смит, Адам
100 1 _aМаккрийди, Карън
_eпърви автор
_991299
700 1 _aПаунова, Вера
_eпрев. от англ.
_9371372
139 _aМаккрийди, Карън
_bМ 19
245 1 0 _aБогатството на народите на Адам Смит
_b52 значими идеи и тяхната интерпретация
_cКарън Маккрийди; прев. от англ. Вера Паунова.
257 _aBGR
260 София
_bИнфоДар
_c2010
_fСофия : Симолини
300 _a180 с.
_c20 см
380 _a3
490 1 _a52 значими идеи
500 _aБез сведение за ориг. загл. - Библиогр. с. 168-176.
600 1 4 _aСмит, Адам
_9371477
650 4 _aЖизнено равнище
_9292388
650 4 _aИкономическа ефективност
_9260528
653 _aикономическо развитие
653 _aжизнено равнище
653 _aикономическа политика
653 _aАдам Смит
659 _aН
852 _aЦб 253715
856 4 _qpdf
_u
856 4 _qpdf
_u
942 _cKNG
_n0
_05
944 _aCR
_c16.11.2011
_k30575
_lМартин Енчев
944 _aED
_c27.01.2012
_k
999 _c80240
_d80240